Werkzeugmaschinen. band 2., Konstruktion und Berechnung.
Uložené v:
| Hlavný autor: | |
|---|---|
| Médium: | Kniha |
| Jazyk: | German |
| Vydané: |
Düsseldorf :
VDI-Verlag GmbH,
1981.
|
| Vydanie: | 1. Aufl. |
| Edícia: | Studium und Praxis
|
| ISBN: |
(brož.) |
| Fyzický popis: |
350 s. |
| Tagy: |
Pridať tag
Žiadne tagy, Buďte prvý kto otaguje tento záznam!
|
Titul je dostupný aj v ... 

MARC
| LEADER | 00000nam a2200000 a 4500 | ||
|---|---|---|---|
| 001 | 000176088 | ||
| 005 | 20091217120746.0 | ||
| 008 | 040101s1981 gw e ger d | ||
| 020 | |a (brož.) | ||
| 040 | |a SVKKK |b slo |c SVKKK |e AACR2 | ||
| 041 | 0 | |a ger | |
| 044 | |a gw |c DE | ||
| 100 | 1 | |a Weck, Manfred |d 1937- |4 aut | |
| 245 | 1 | 0 | |a Werkzeugmaschinen. |n band 2., |p Konstruktion und Berechnung. |c Manfred Weck. |
| 246 | 3 | 0 | |a Konstruktion und Berechnung. |
| 250 | |a 1. Aufl. | ||
| 260 | |a Düsseldorf : |b VDI-Verlag GmbH, |c 1981. | ||
| 300 | |a 350 s. | ||
| 490 | 1 | |a Studium und Praxis | |
| 830 | 0 | |a Studium und Praxis | |
| 910 | |a svkkk | ||
| 998 | |a BK | ||
| 090 | |g SCKHL |k Sklad Pribinova 2. posch. |a II.268161 |j 641876 |i 176088-10 |s Absenčne | ||